| 000 | 00427nam a22001697a 4500 | ||
|---|---|---|---|
| 005 | 20250916094426.0 | ||
| 008 | 250908b |||||||| |||| 00| 0 eng d | ||
| 041 | _aMarathi | ||
| 082 |
_a891.46 _bGIT |
||
| 100 |
_aGite Vilas _9213104 |
||
| 245 | _aSamajik Samata aani Sangh | ||
| 260 |
_aPune _bBharatiya Vichar Sadhana Pune Prakashan _c2025 |
||
| 300 | _a24 | ||
| 365 |
_b17.50 _cRs.00 |
||
| 650 | _aGeneral | ||
| 942 | _cBK | ||
| 999 |
_c367667 _d367667 |
||